The Handbook of global outsourcing and offshoring.
| Main Author: | |
|---|---|
| Other Authors: | , |
| Format: | Book |
| Published: |
New York:
Palgrave Macmillan,
2009.
|
| Subjects: |
| LEADER | 00559cam a2200193 7i4500 | ||
|---|---|---|---|
| 001 | 0000025607 | ||
| 005 | 20110105090000.0 | ||
| 020 | 0 | 0 | |a 978-0-230-23550-2 |
| 090 | 0 | 0 | |a B 658.4058 |b OSH |
| 100 | 1 | 0 | |a Oshri |
| 245 | 1 | 0 | |a The Handbook of global outsourcing and offshoring. |
| 260 | 0 | 0 | |a New York: |b Palgrave Macmillan, |c 2009. |
| 300 | # | # | |a 260 p. |
| 650 | 0 | 0 | |a Outsourcing |
| 650 | 0 | 0 | |a Offshore outsourcing |
| 650 | 0 | 0 | |a Contracting out |
| 700 | 1 | 1 | |a Kotlarsky, |h Julia |
| 700 | 1 | 1 | |a Willcocks, |h Leslie P. |
| 999 | |a B000028026 |b Book |c Book |e Business Information Centre | ||


